Normal view
MARC view
- الحميدي،نجم عبدالله/سلوى امين السامرائي/عبدالرحمن العبيد
Entry Personal Name
001 - CONTROL NUMBER
- control field: 29436
003 - CONTROL NUMBER IDENTIFIER
- control field: JO-AjAnu
005 - DATE AND TIME OF LATEST TRANSACTION
- control field: 20230606074957.0
008 - FIXED-LENGTH DATA ELEMENTS
- fixed length control field: 230606|| aca||aabn | a|a d
040 ## - CATALOGING SOURCE
- Original cataloging agency: JO-AjAnu
- Transcribing agency: JO-AjAnu
100 ## - HEADING--PERSONAL NAME
- Personal name: الحميدي،نجم عبدالله/سلوى امين السامرائي/عبدالرحمن العبيد
670 ## - SOURCE DATA FOUND
- Source citation: Work cat.: (JO-AjAnu)15115: الحميدي،نجم عبدالله/سلوى امين السامرائي/عبدالرحمن العبيد, author, نظم المعلومات الادارية:مدخل معاصر